[Event "Vaxjo op"]
[Site "Vaxjo"]
[Date "2024.02.11"]
[Round "7"]
[White "Bjorkman, Filip"]
[Black "Crevatin, Leo"]
[Result "1/2-1/2"]
[WhiteElo "2046"]
[BlackElo "2303"]
[PlyCount "117"]
[EventDate "2024.02.09"]
[EventType "swiss"]
[EventRounds "8"]
[EventCountry "SWE"]
[SourceTitle "CB07_2024"]
[SourceDate "2024.02.14"]
[SourceVersion "1"]
[SourceVersionDate "2024.02.14"]
[SourceQuality "1"]

1. e4 c6 2. d4 d5 3. e5 Bf5 4. h4 h6 5. g4 Be4 6. f3 Bh7 7. e6 Nf6 8. Bd3 Qd6 9. exf7+ Kxf7 10. Ne2 Nbd7 11. Bxh7 Rxh7 12. Bf4 e5 13. dxe5 Nxe5 14. 0-0 Re8 15. Nbc3 Qc5+ 16. Kg2 Nc4 17. Qd4 Qxd4 18. Nxd4 Bc5 19. Nf5 b5 20. b3 Be3 21. Kg3 g5 22. Nxh6+ Rxh6 23. hxg5 Rh3+ 24. Kxh3 Bxf4 25. bxc4 Rh8+ 26. Kg2 Rh2+ 27. Kg1 Nh7 28. Rf2 Rh4 29. Re1 Nxg5 30. Kg2 Rh2+ 31. Kf1 Rh1+ 32. Ke2 Rxe1+ 33. Kxe1 Bg3 34. Ke2 Bxf2 35. Kxf2 bxc4 36. Ne2 Ne6 37. Ke3 c5 38. f4 Kf6 39. c3 a6 40. a3 a5 41. a4 Nf8 42. Kf3 Nd7 43. g5+ Kf5 44. Ng3+ Ke6 45. f5+ Ke5 46. f6 d4 47. Ne4 Kf5 48. f7 Ne5+ 49. Ke2 Nxf7 50. Nxc5 dxc3 51. Kd1 Nxg5 52. Kc2 Ne4 53. Nb7 Ke5 54. Nxa5 Kd4 55. Nc6+ Kc5 56. Ne5 Kb4 57. a5 Nc5 58. Nc6+ Kb5 59. Nd4+ 1/2-1/2

[Event "Reykjavik op"]
[Site "Reykjavik"]
[Date "2023.04.04"]
[Round "9"]
[White "Grose, Kameron"]
[Black "Bjorkman, Filip"]
[Result "1/2-1/2"]
[WhiteElo "1800"]
[BlackElo "2040"]
[PlyCount "95"]
[EventDate "2023.03.29"]
[EventType "swiss"]
[EventRounds "9"]
[EventCountry "ISL"]
[SourceTitle "EXT 2024"]
[Source "ChessBase"]
[SourceDate "2023.10.10"]
[SourceVersion "1"]
[SourceVersionDate "2023.10.10"]
[SourceQuality "1"]

1. e4 c5 2. Nf3 Nc6 3. Nc3 g6 4. d4 cxd4 5. Nxd4 Bg7 6. Be3 Nf6 7. Bc4 0-0 8. Bb3 Ng4 9. Qxg4 Nxd4 10. Qd1 Nxb3 11. axb3 a6 12. 0-0 d6 13. Qd2 Bd7 14. Rad1 Bc6 15. Bd4 Bxd4 16. Qxd4 Qc7 17. Rfe1 Rfe8 18. Rd2 Rac8 19. h3 Qa5 20. e5 Rcd8 21. e6 f6 22. Kh2 Qg5 23. f4 Qc5 24. Red1 Qxd4 25. Rxd4 f5 26. Ne2 Be4 27. R4d2 Rc8 28. Nd4 Kg7 29. g4 Rf8 30. g5 Rh8 31. Kg3 h6 32. h4 hxg5 33. fxg5 Rc5 34. c3 Re5 35. Re1 f4+ 36. Kxf4 Rxh4+ 37. Kg3 Rh5 38. Kf4 Rh4+ 39. Kg3 Rh8 40. Rde2 Rh1 41. Rxh1 Bxh1 42. Kf4 Rxe2 43. Nxe2 Bd5 44. Nd4 Kf8 45. c4 Bc6 46. b4 Ke8 47. b5 Bg2 48. b6 1/2-1/2

[Event "SWE-chT Group 3 Qualifier"]
[Site "Lund"]
[Date "2021.10.02"]
[Round "2"]
[White "Thornert, Hakan"]
[Black "Bjorkman, Filip"]
[Result "1-0"]
[WhiteElo "2164"]
[BlackElo "1984"]
[PlyCount "67"]
[EventDate "2021.10.01"]
[EventType "team-tourn"]
[EventRounds "3"]
[EventCountry "SWE"]
[SourceTitle "CBM 204 Extra"]
[Source "ChessBase"]
[SourceDate "2021.11.30"]
[SourceVersion "1"]
[SourceVersionDate "2021.11.30"]
[SourceQuality "1"]
[WhiteTeam "Eksjo"]
[BlackTeam "Vasteras"]
[WhiteTeamCountry "SWE"]
[BlackTeamCountry "SWE"]

1. e4 c5 2. Nc3 Nc6 3. Nge2 Nf6 4. d4 cxd4 5. Nxd4 e5 6. Ndb5 d6 7. Bg5 a6 8. Na3 b5 9. Nd5 Be7 10. Bxf6 Bxf6 11. c3 Ne7 12. Nc2 Nxd5 13. exd5 0-0 14. a4 Bd7 15. axb5 axb5 16. Be2 Bg5 17. 0-0 f5 18. Nb4 e4 19. Rxa8 Qxa8 20. Qa1 Qd8 21. Qa6 Bf4 22. Ra1 Qh4 23. g3 Qg5 24. Qa7 Be8 25. Nc2 Be5 26. Nd4 Bf7 27. Ne6 Bxe6 28. dxe6 f4 29. e7 Re8 30. Bxb5 Rxe7 31. Bc4+ Kf8 32. Qa8+ Re8 33. Qd5 Qh5 34. Ra7 1-0

[Event "SWE-chT 1920 Superettan"]
[Site "Sweden"]
[Date "2020.01.11"]
[Round "4"]
[White "Larsson, Anders"]
[Black "Bjorkman, Filip"]
[Result "1-0"]
[WhiteElo "2196"]
[BlackElo "1996"]
[PlyCount "51"]
[EventDate "2019.10.18"]
[EventType "team-tourn"]
[EventRounds "9"]
[EventCountry "SWE"]
[SourceTitle "EXT 2023"]
[Source "ChessBase"]
[SourceDate "2022.10.05"]
[SourceVersion "1"]
[SourceVersionDate "2022.10.05"]
[SourceQuality "1"]
[WhiteTeam "Kungstornet"]
[BlackTeam "Vasteras II"]
[WhiteTeamCountry "SWE"]
[BlackTeamCountry "SWE"]

1. e4 c5 2. Nf3 Nc6 3. Bb5 g6 4. 0-0 Bg7 5. Re1 Nf6 6. c3 0-0 7. d4 d5 8. exd5 Nxd5 9. dxc5 Bg4 10. Be2 e6 11. h3 Bxf3 12. Bxf3 Qa5 13. Bxd5 Rfd8 14. Be3 Rxd5 15. Qe2 Rad8 16. Nd2 Bf8 17. Ne4 Bg7 18. a4 Re5 19. Bf4 Rf5 20. b4 Nxb4 21. cxb4 Qxb4 22. Rab1 Qxa4 23. Bc7 Rd7 24. Bg3 a6 25. Rec1 Rfd5 26. c6 1-0

[Event "SWE Cup rapid"]
[Site "Linkoping"]
[Date "2018.09.09"]
[Round "8.2"]
[White "Bjorkman, Filip"]
[Black "Larsson, Mille"]
[Result "1-0"]
[WhiteElo "1904"]
[BlackElo "1382"]
[PlyCount "46"]
[EventDate "2018.09.07"]
[EventType "team-swiss (rapid)"]
[EventRounds "9"]
[EventCountry "SWE"]
[SourceTitle "CBM 186 Extra"]
[Source "ChessBase"]
[SourceDate "2018.08.24"]
[SourceVersion "1"]
[SourceVersionDate "2018.08.24"]
[SourceQuality "1"]
[WhiteTeam "Vasteras"]
[BlackTeam "Linkoping"]
[WhiteTeamCountry "SWE"]
[BlackTeamCountry "SWE"]

1. e4 c5 2. Nf3 d6 3. d4 cxd4 4. Nxd4 Nf6 5. Nc3 g6 6. Be2 Bg7 7. 0-0 0-0 8. Be3 Nc6 9. h3 Qc7 10. Bf3 Ne5 11. Be2 a6 12. f4 Nc4 13. Bxc4 Qxc4 14. Qd3 Qc7 15. Nce2 Rd8 16. c4 e5 17. Nf3 Qd7 18. Nc3 exf4 19. Bxf4 Nh5 20. Bh2 Rb8 21. Rad1 Qc6 22. Nd5 Qd7 23. Ng5 Nf6 1-0

[Event "Uppsala Young Champions"]
[Site "Uppsala"]
[Date "2017.10.28"]
[Round "3"]
[White "Bjorkman, Filip"]
[Black "Jogstad, Martin"]
[Result "0-1"]
[WhiteElo "1912"]
[BlackElo "2283"]
[PlyCount "113"]
[EventDate "2017.10.27"]
[EventType "swiss"]
[EventRounds "9"]
[EventCountry "SWE"]
[SourceTitle "CBM 181 Extra"]
[Source "ChessBase"]
[SourceDate "2017.12.12"]
[SourceVersion "1"]
[SourceVersionDate "2017.12.12"]
[SourceQuality "1"]

1. e4 c5 2. Nf3 e6 3. d4 cxd4 4. Nxd4 Nc6 5. Be3 Qc7 6. Nc3 a6 7. a3 b5 8. Be2 Bb7 9. 0-0 Rc8 10. Nxc6 Bxc6 11. Bd3 Nf6 12. Qe2 Be7 13. Rfe1 h5 14. f3 h4 15. Qf2 Bd6 16. h3 Bh2+ 17. Kh1 Bg3 18. Qd2 Bxe1 19. Rxe1 Rh5 20. Ne2 e5 21. Nc3 Kf8 22. Bf2 Kg8 23. Re2 Nh7 24. Qe1 Qd8 25. Rd2 Nf8 26. Nd1 d6 27. Ne3 Bd7 28. c3 Ng6 29. Bc2 Be6 30. Qd1 Rc6 31. Nd5 Bxd5 32. Rxd5 Nf4 33. Rd2 Qg5 34. Be3 Rh6 35. Bb3 Qg3 36. Qg1 Rg6 37. Qf2 Qxf2 38. Rxf2 Kf8 39. Rd2 Ke7 40. Bc2 Rh6 41. Bb3 Rh8 42. Kg1 Rb8 43. Ba7 Rb7 44. Be3 Rc8 45. Bxf4 exf4 46. Rd5 Rc5 47. Rd4 a5 48. Bd5 Rb8 49. Kh2 Rc7 50. Kg1 Rc5 51. Kh2 Rb6 52. Kg1 Rc8 53. Kh2 Rcb8 54. Kg1 b4 55. cxb4 axb4 56. axb4 Rxb4 57. b3 0-1

[Event "Uppsala Young Champions op"]
[Site "Uppsala"]
[Date "2016.10.31"]
[Round "5"]
[White "Bjorkman, Filip"]
[Black "Nilsson, Joakim"]
[Result "0-1"]
[WhiteElo "1976"]
[BlackElo "2059"]
[PlyCount "84"]
[EventDate "2016.10.28"]
[EventType "swiss"]
[EventRounds "9"]
[EventCountry "SWE"]
[SourceTitle "CBM 175 Extra"]
[Source "ChessBase"]
[SourceDate "2016.12.12"]
[SourceVersion "1"]
[SourceVersionDate "2016.12.12"]
[SourceQuality "1"]

1. e4 c5 2. Nf3 e6 3. d4 cxd4 4. Nxd4 Nc6 5. Nc3 Qc7 6. Be2 Nf6 7. 0-0 Be7 8. f4 Nxd4 9. Bd3 d6 10. Qe1 e5 11. fxe5 dxe5 12. Qg3 Be6 13. Qxg7 Rg8 14. Qh6 Rg6 15. Qh4 0-0-0 16. Bg5 Ng8 17. Bxe7 Qxe7 18. Qf2 Nf6 19. Nd5 Bxd5 20. exd5 Ng4 21. Qxf7 Qh4 22. h3 Rf6 23. Rxf6 Qxf6 24. Rf1 Qxf7 25. Rxf7 Ne3 26. c3 Ndc2 27. Rf2 Ne1 28. Be4 Rg8 29. Re2 N1xg2 30. Bxg2 Nxd5 31. Kh2 Nf4 32. Rd2 h5 33. Be4 Kc7 34. Rd1 Rg7 35. Bf3 b6 36. Rd2 Rf7 37. Kg3 Rg7+ 38. Kh4 Rf7 39. Kg3 Rf6 40. Be4 Ne6 41. Rf2 Ng5 42. Bg2 h4+ 0-1

[Event "Vaxjo op"]
[Site "Vaxjo"]
[Date "2016.02.21"]
[Round "7"]
[White "Johansson, Carl Fredrik"]
[Black "Bjorkman, Filip"]
[Result "1-0"]
[WhiteElo "2170"]
[BlackElo "1940"]
[PlyCount "67"]
[EventDate "2016.02.19"]
[EventType "swiss"]
[EventRounds "8"]
[EventCountry "SWE"]
[SourceTitle "CBM 170 Extra"]
[Source "ChessBase"]
[SourceDate "2016.02.25"]
[SourceVersion "1"]
[SourceVersionDate "2016.02.25"]
[SourceQuality "1"]

1. d4 Nf6 2. c4 g6 3. Nc3 d5 4. Nf3 Bg7 5. Bg5 Ne4 6. cxd5 Nxg5 7. Nxg5 e6 8. Qd2 0-0 9. dxe6 fxe6 10. Nf3 a6 11. e3 b5 12. a4 b4 13. Ne4 a5 14. Bc4 Kh8 15. h4 h6 16. Nc5 Qf6 17. h5 gxh5 18. Ne5 Rd8 19. Rh3 Kg8 20. Rf3 Qe7 21. Ng6 Qd6 22. Nf4 Re8 23. Qc2 Na6 24. Qg6 Re7 25. Ncxe6 Bxe6 26. Bxe6+ Kh8 27. Qe4 Rxe6 28. Qxa8+ Kh7 29. Nxe6 Qxe6 30. Rf4 Qb6 31. Rc1 b3 32. Qe4+ Kg8 33. Rc6 Qb4+ 34. Ke2 1-0